Polscy politycy-nagła śmierć - Statystyki

Ogólne statystyki
  • Ten quiz został rozwiązany 326 razy
  • Średni wynik to 10 z 11
Answers on the Grid
Answers color-coded by a green-red scale on the quiz's grid according to % correct below.
Jarosław Kaczyński
Robert Kubica
Arkadiusz Milik
Adrian Zandberg
Karol Strasburger
Kamil Stoch
Antoni Macierewicz
Mariusz Pudzianowski
Robert Biedroń
Grzegorz Braun
Mariusz Błaszczak
Karol Wojtyła
Stefan Żeromski
Sławomir Mentzen
Magdalena Biejat
Mirosław Hermaszewski
Donald Tusk
Marek Jakubiak
Włodzimierz Czarzasty
Janusz Korczak
 
Statystyki odpowiedzi
Odpowiedź % Poprawnych
Jarosław Kaczyński
100%
Adrian Zandberg
98%
Antoni Macierewicz
93%
Grzegorz Braun
92%
Sławomir Mentzen
92%
Donald Tusk
91%
Magdalena Biejat
91%
Robert Biedroń
91%
Marek Jakubiak
89%
Mariusz Błaszczak
87%
Włodzimierz Czarzasty
85%
Nie znaleziono quizów pasujących do podanych kryteriów
Rozkład punktacji
Procent ludzi z każdym wynikiem
Percentyl według liczby udzielonych odpowiedzi
Twoja historia wyników
Nie rozwiązałeś tego quizu